[Event "Heatwave UK 2015"]
[Site "SchemingMind.com"]
[Date "2015.07.21"]
[Round "-"]
[White "mochiron"]
[Black "PinkPanther"]
[Result "1-0"]
[WhiteCountry "JPN"]
[BlackCountry "CRO"]
[WhiteElo "1425"]
[WhiteRD "73"]
[BlackElo "1537"]
[BlackRD "100"]
[GameID "383642"]

1. d4 Nf6 2. Bf4 c5 3. Nf3 cxd4 4. Nxd4 e5 5. Bxe5 Qa5+ 6. Nc3 Qxe5 7. Nf3 Qa5 8. Qd3 Bb4 9. O-O-O Bxc3 10. bxc3 O-O
11. Kb1 Ng4 12. Qd4 Qb6+ 13. Qxb6 axb6 14. h3 Nxf2 15. Nd2 Nxd1 16. Ne4
1-0

[Event "Heatwave UK 2015"]
[Site "SchemingMind.com"]
[Date "2015.07.20"]
[Round "-"]
[White "PinkPanther"]
[Black "mochiron"]
[Result "0-1"]
[WhiteCountry "CRO"]
[BlackCountry "JPN"]
[WhiteElo "1537"]
[WhiteRD "100"]
[BlackElo "1425"]
[BlackRD "73"]
[GameID "383643"]

1. d4 c6 2. c4 d5 3. Nf3 Bg4 4. Ne5 Nf6 5. Nc3 dxc4 6. f3 Be6 7. e4 Nbd7 8. Nxc4 Nb6 9. Nxb6 axb6 10. Bg5 Bd7
11. e5 Nd5 12. Nxd5 cxd5 13. Qb3 h6 14. Bh4 g5 15. Bg3 e6 16. Bb5 Bxb5
0-1

[Event "Heatwave UK 2015"]
[Site "SchemingMind.com"]
[Date "2015.07.22"]
[Round "-"]
[White "mochiron"]
[Black "Eric111"]
[Result "0-1"]
[WhiteCountry "JPN"]
[BlackCountry "USA"]
[WhiteElo "1425"]
[WhiteRD "73"]
[BlackElo "1660"]
[BlackRD "56"]
[GameID "383688"]

1. d4 d5 2. Bf4 c5 3. Nf3 Nc6 4. e3 Nf6 5. dxc5 e6 6. Bb5 Bxc5 7. O-O O-O 8. Bxc6 bxc6 9. Nc3 Bd6 10. Bxd6 Qxd6
11. e4 e5 12. exd5 Nxd5 13. Nxd5 cxd5 14. c4 Bb7 15. cxd5 Bxd5 16. Rc1 Rfe8 17. Rc2 Rad8 18. Rd2 h6 19. Rxd5 Qxd5 20. Qc2 Qxa2
21. Nh4 Rb8 22. Nf5 Rxb2 23. Qc6 Rbb8 24. Qc5 Qe6 25. Nd6 Red8 26. Ne4 Qd5 27. Qxd5 Rxd5 28. f4 exf4 29. Rxf4 a5 30. Nc3 Rd7
31. h4 Ra7 32. Nd5 a4 33. g4 a3 34. g5 hxg5 35. hxg5 a2
0-1

[Event "Heatwave UK 2015"]
[Site "SchemingMind.com"]
[Date "2015.07.21"]
[Round "-"]
[White "Eric111"]
[Black "mochiron"]
[Result "1-0"]
[WhiteCountry "USA"]
[BlackCountry "JPN"]
[WhiteElo "1660"]
[WhiteRD "56"]
[BlackElo "1425"]
[BlackRD "73"]
[GameID "383689"]

1. e4 c6 2. d4 d5 3. e5 Bf5 4. h4 e6 5. h5 h6 6. Bd3 Bxd3 7. Qxd3 Bb4+ 8. c3 Ba5 9. Nf3 Ne7 10. O-O Nf5
11. b4 Bc7 12. Bf4 Nd7 13. a4 Nh4 14. Nbd2 Qe7 15. c4 Nxf3+ 16. Nxf3 O-O-O 17. cxd5 cxd5 18. b5 Bb6 19. Rfc1+ Kb8 20. a5 Bxa5
21. Rxa5 Nb6 22. Rca1 Nc4 23. Rxa7 Kc7 24. b6+ Nxb6 25. Rc1+ Nc4 26. Nd2 Ra8 27. Rca1 Rxa7 28. Rxa7 Qb4 29. Qb3 Qxb3 30. Nxb3 g6
31. hxg6 fxg6 32. Nc5 Rb8 33. Bxh6 Nb6 34. Nxe6+ Kd7 35. Nf8+ Ke7 36. Nxg6+ Kf7 37. Nf4 Nc8 38. Ra1 b5 39. Nxd5 b4 40. Bf4 Rb5
41. Nxb4 Rxb4 42. Re1 Rxd4 43. e6+ Ke7 44. Bg5+ Kd6 45. e7 Nxe7 46. Bxe7+ Kd5 47. g3 Rd2 48. f4 Rd3 49. Kg2
1-0

[Event "Heatwave UK 2015"]
[Site "SchemingMind.com"]
[Date "2015.07.21"]
[Round "-"]
[White "Eric111"]
[Black "PinkPanther"]
[Result "1-0"]
[WhiteCountry "USA"]
[BlackCountry "CRO"]
[WhiteElo "1660"]
[WhiteRD "56"]
[BlackElo "1537"]
[BlackRD "100"]
[GameID "383690"]

1. d4 Nf6 2. c4 e6 3. Nf3 d5 4. g3 dxc4 5. Bg2 a6 6. a4 Nc6 7. a5 Bb4+ 8. Bd2 Be7 9. Qa4 O-O 10. Qxc4 Qd5
11. Qxd5 exd5 12. O-O Ne4 13. Bf4 Bd6 14. Bxd6 Nxd6 15. Nc3 Ne7 16. Rfe1 c6 17. Nd2 f5 18. f4 Ne4 19. Ndxe4 dxe4 20. e3 Be6
21. b4 Nd5 22. Nxd5 cxd5 23. Bf1 Rac8 24. Rec1 Bd7 25. Rab1 Rxc1 26. Rxc1 Rc8 27. Rxc8+ Bxc8 28. b5 axb5 29. Bxb5 Kf7 30. Kf2 Ke7
31. Ke2 Bd7 32. Bxd7
1-0

[Event "Heatwave UK 2015"]
[Site "SchemingMind.com"]
[Date "2015.07.22"]
[Round "-"]
[White "PinkPanther"]
[Black "Eric111"]
[Result "1-0"]
[WhiteCountry "CRO"]
[BlackCountry "USA"]
[WhiteElo "1743"]
[WhiteRD "111"]
[BlackElo "1594"]
[BlackRD "57"]
[GameID "383691"]

1. d4 d5 2. Nf3 Bg4 3. Ne5 Bf5 4. c4 f6 5. Nf3 e6 6. Nc3 Bb4 7. e3 a6 8. Nh4 Bxc3+ 9. bxc3 Be4 10. f3 Bg6
11. Nxg6 hxg6 12. Qb3 b6 13. cxd5 exd5 14. e4 Ne7 15. Ba3 c6 16. Bd3 Nd7 17. O-O Qc7 18. Bxe7 Qxh2+ 19. Kf2 Kxe7 20. exd5 Qh4+
21. Ke2 Rhe8 22. Bxg6 Rh8 23. dxc6 Nf8 24. Qf7+ Kd6 25. Be4 Qh5 26. Qxh5 Rxh5 27. Rh1 Rb5 28. Rab1 Rxb1 29. Rxb1 b5 30. Rh1 Re8
31. Kd3 g6 32. f4 f5 33. Bf3 Ne6 34. g3 g5 35. Rh6 gxf4 36. d5 fxg3 37. Rxe6+ Rxe6 38. dxe6 Kxe6 39. Kd4 Kd6 40. a3 a5
41. Bg2 f4 42. Bf3 b4 43. cxb4 axb4 44. axb4
1-0

[Event "Heatwave UK 2015"]
[Site "SchemingMind.com"]
[Date "2015.07.22"]
[Round "-"]
[White "mochiron"]
[Black "Simon Green"]
[Result "0-1"]
[WhiteCountry "JPN"]
[BlackCountry "ENG"]
[WhiteElo "1425"]
[WhiteRD "73"]
[BlackElo "1583"]
[BlackRD "53"]
[GameID "383713"]

1. d4 e6 2. Bf4 d5 3. Nf3 Nf6 4. e3 c5 5. Bb5+ Nc6 6. Bxc6+ bxc6 7. O-O Ba6 8. Re1 cxd4 9. exd4 Qb6 10. Nc3 Qxb2
11. Na4 Qa3 12. Nc5 Bxc5 13. dxc5 Qxc5 14. Ne5 Ne4 15. Rxe4 f6 16. Qh5+ g6 17. Nxg6 O-O-O 18. Rxe6 hxg6 19. Qxg6 Qc3 20. Rf1 Bxf1
21. Qf5 Kb7 22. Rxf6 Bb5 23. Rf7+ Kb6 24. g3 Qe1+ 25. Kg2 Bf1+ 26. Kf3 Qd1+ 27. Ke3 Rhe8+ 28. Be5 Qe2+ 29. Kf4 Qxf2+ 30. Kg4 Rg8+
31. Bg7 Be2+ 32. Kg5 Qe3+ 33. Qf4 d4 34. Qxe3 dxe3 35. Kf6 Rd6+ 36. Ke7 Rgd8 37. Be5 R6d7+ 38. Ke6 Bc4+ 39. Kf5 Rxf7+ 40. Ke4 e2
41. Bc3 Re7+ 42. Kf3 Rf8+ 43. Kg2 Bd5+ 44. Kh3 Bf3 45. Kh4 Rh7+ 46. Kg5 e1=Q
0-1

[Event "Heatwave UK 2015"]
[Site "SchemingMind.com"]
[Date "2015.07.21"]
[Round "-"]
[White "Simon Green"]
[Black "mochiron"]
[Result "0-1"]
[WhiteCountry "ENG"]
[BlackCountry "JPN"]
[WhiteElo "1586"]
[WhiteRD "54"]
[BlackElo "1398"]
[BlackRD "73"]
[GameID "383714"]

1. d4 f5 2. e3 Nf6 3. Bd3 d6 4. f4 e6 5. Nf3 e5 6. fxe5 dxe5 7. O-O e4 8. Bb5+ Bd7 9. Bxd7+ Nbxd7 10. Nfd2 Be7
11. Nc3 O-O 12. Rxf5 Ne8 13. Rxf8+ Bxf8 14. Ncxe4 Bb4 15. c3 Be7 16. Qb3+ Kh8 17. Nf3 Nef6 18. Nxf6 Bxf6 19. Qxb7 h6 20. e4 c5
21. e5 Rb8 22. Qxa7 Bg5 23. Nxg5 hxg5 24. Bxg5 Qxg5 25. Qxd7 Rxb2 26. Rf1 Qxg2#
0-1

[Event "Heatwave UK 2015"]
[Site "SchemingMind.com"]
[Date "2015.07.22"]
[Round "-"]
[White "Eric111"]
[Black "Simon Green"]
[Result "1-0"]
[WhiteCountry "USA"]
[BlackCountry "ENG"]
[WhiteElo "1594"]
[WhiteRD "57"]
[BlackElo "1586"]
[BlackRD "54"]
[GameID "383715"]

1. e4 e6 2. d4 d5 3. Nc3 Nf6 4. Bg5 Be7 5. Bxf6 Bxf6 6. e5 Be7 7. f4 c5 8. Qg4 O-O 9. Nf3 f5 10. Ng5 h6
11. Nxe6 Bxe6 12. Qg6 Qd7 13. O-O-O c4 14. Be2 Bf7 15. Qg3 a6 16. Qf3 Nc6 17. h3 Be6 18. Rhg1 b5 19. g4 Rad8 20. gxf5 Bxf5
21. Rg3 Bh4 22. Rgg1 Qf7 23. Qg2 Nb4 24. Rd2 Nxc2 25. Rxc2 Bxc2 26. Kxc2 Qxf4 27. Qxg7#
1-0

[Event "Heatwave UK 2015"]
[Site "SchemingMind.com"]
[Date "2015.07.22"]
[Round "-"]
[White "Simon Green"]
[Black "Eric111"]
[Result "0-1"]
[WhiteCountry "ENG"]
[BlackCountry "USA"]
[WhiteElo "1586"]
[WhiteRD "54"]
[BlackElo "1594"]
[BlackRD "57"]
[GameID "383716"]

1. d4 d5 2. e3 Bf5 3. f4 Nf6 4. Nf3 e6 5. Bd3 Bxd3 6. cxd3 Be7 7. O-O O-O 8. Nbd2 Nbd7 9. Ne5 Ne4 10. Nxe4 dxe4
11. Nxd7 Qxd7 12. dxe4 Rad8 13. Bd2 c5 14. Bc3 Qb5 15. Qf3 cxd4 16. exd4 Bb4 17. Bxb4 Qxb4 18. Qc3 Rxd4 19. Qxb4 Rxb4 20. e5 Rxb2
21. Rfb1 Rxb1+ 22. Rxb1 b6 23. Kf2 Rd8 24. Ke3 Kf8 25. Rb2 Ke7 26. Rd2 Rxd2 27. Kxd2 Kd7 28. Kc3 Kc6 29. Kc4 a5 30. a4 h6
31. h4 h5 32. g3 g6 33. Kd4 b5 34. axb5+ Kxb5 35. Kc3 a4 36. Kb2 Kb4 37. Ka2 a3 38. Kb1 Kb3
0-1

[Event "Heatwave UK 2015"]
[Site "SchemingMind.com"]
[Date "2015.07.21"]
[Round "-"]
[White "Simon Green"]
[Black "PinkPanther"]
[Result "0-1"]
[WhiteCountry "ENG"]
[BlackCountry "CRO"]
[WhiteElo "1559"]
[WhiteRD "51"]
[BlackElo "1934"]
[BlackRD "166"]
[GameID "383717"]

1. d4 Nf6 2. e3 g6 3. Bd3 Bg7 4. f4 d6 5. Nf3 O-O 6. O-O Nc6 7. c3 e5 8. fxe5 dxe5 9. dxe5 Ng4 10. h3 Ngxe5
11. Nxe5 Nxe5 12. Be2 Bf5 13. Qxd8 Raxd8 14. Nd2 Nd3 15. Bxd3 Rxd3 16. e4 Be6 17. Nf3 Rfd8 18. Bf4 c6 19. e5 h6 20. Rf2 Rd1+
21. Rxd1 Rxd1+ 22. Rf1 Rxf1+ 23. Kxf1 Bxa2 24. Nd4 g5 25. Bg3 Be6 26. Nxe6 fxe6 27. Ke2 Kf7 28. Bh2 Kg6 29. g4 Kf7 30. Kd3 Ke7
31. Kc4 b6 32. b4 Kd7 33. Bg3 a5 34. b5 Bf8 35. Bf2 Kc7 36. Be3 a4 37. bxc6 Kxc6 38. Bc1 b5+ 39. Kd3 Kd5
0-1

[Event "Heatwave UK 2015"]
[Site "SchemingMind.com"]
[Date "2015.07.21"]
[Round "-"]
[White "PinkPanther"]
[Black "Simon Green"]
[Result "1-0"]
[WhiteCountry "CRO"]
[BlackCountry "ENG"]
[WhiteElo "1934"]
[WhiteRD "166"]
[BlackElo "1559"]
[BlackRD "51"]
[GameID "383718"]

1. d4 e6 2. Nf3 d5 3. c4 Nf6 4. g3 c6 5. Qc2 Be7 6. Bg2 O-O 7. O-O Nbd7 8. b3 Ne4 9. Nbd2 Nxd2 10. Nxd2 f5
11. Bb2 Nf6 12. f3 a6 13. e4 fxe4 14. fxe4 b5 15. Rae1 Qc7 16. cxd5 exd5 17. exd5 Bb4 18. dxc6 Bd6 19. Ne4 Nxe4 20. Rxf8+ Kxf8
21. Bxe4 g6 22. Qf2+ Ke7 23. Bxg6+ Be6 24. Qf7+
1-0

[Event "Heatwave UK 2015"]
[Site "SchemingMind.com"]
[Date "2015.07.26"]
[Round "-"]
[White "khan mh"]
[Black "mochiron"]
[Result "0-1"]
[WhiteCountry "PAK"]
[BlackCountry "JPN"]
[WhiteElo "1361"]
[WhiteRD "115"]
[BlackElo "1419"]
[BlackRD "77"]
[GameID "383759"]

1. d4 f5 2. Nc3 d5 3. Bg5 Nf6 4. e3 Nc6 5. Bb5 a6 6. Be2 e6 7. Nf3 Be7 8. O-O O-O 9. a3 Ne4 10. Bxe7 Qxe7
0-1

[Event "Heatwave UK 2015"]
[Site "SchemingMind.com"]
[Date "2015.07.25"]
[Round "-"]
[White "Eric111"]
[Black "khan mh"]
[Result "1-0"]
[WhiteCountry "USA"]
[BlackCountry "PAK"]
[WhiteElo "1619"]
[WhiteRD "55"]
[BlackElo "1361"]
[BlackRD "115"]
[GameID "383760"]

1. e4 c5 2. Nc3 d6 3. f4 Nc6 4. Bc4 e6 5. Nf3 g6 6. O-O Bg7 7. d3 Nge7 8. Bb5 O-O 9. Bxc6 Nxc6 10. Bd2 Rb8
11. a4 a6 12. Rb1 b5 13. axb5 axb5 14. Ne2
1-0

[Event "Heatwave UK 2015"]
[Site "SchemingMind.com"]
[Date "2015.07.25"]
[Round "-"]
[White "khan mh"]
[Black "Eric111"]
[Result "0-1"]
[WhiteCountry "PAK"]
[BlackCountry "USA"]
[WhiteElo "1361"]
[WhiteRD "115"]
[BlackElo "1619"]
[BlackRD "55"]
[GameID "383761"]

1. d4 d5 2. c4 Nf6 3. Nc3 e6 4. cxd5 exd5 5. Bg5 c6 6. e3 Bf5 7. Bd3 Bxd3 8. Qxd3 Nbd7 9. Nf3 Be7 10. O-O O-O
11. Rab1 b5 12. Rfc1 Qb6 13. Ne2 c5
0-1

[Event "Heatwave UK 2015"]
[Site "SchemingMind.com"]
[Date "2015.07.26"]
[Round "-"]
[White "Simon Green"]
[Black "khan mh"]
[Result "1-0"]
[WhiteCountry "ENG"]
[BlackCountry "PAK"]
[WhiteElo "1583"]
[WhiteRD "55"]
[BlackElo "1361"]
[BlackRD "115"]
[GameID "383762"]

1. d4 d5 2. e3 Nf6 3. Bd3 e6 4. f4 c5 5. c3 Nc6 6. Nf3 Be7 7. O-O O-O 8. Nbd2 Rb8 9. Qe1 cxd4 10. exd4 Bd6
11. Ne5 g6 12. Ndf3 Nh5 13. b4 f6 14. Ng4 Nxf4 15. Bxf4 Bxf4 16. g3 Bd6 17. Nh4 Bd7 18. Qf2
1-0

[Event "Heatwave UK 2015"]
[Site "SchemingMind.com"]
[Date "2015.07.24"]
[Round "-"]
[White "khan mh"]
[Black "Simon Green"]
[Result "0-1"]
[WhiteCountry "PAK"]
[BlackCountry "ENG"]
[WhiteElo "1361"]
[WhiteRD "115"]
[BlackElo "1583"]
[BlackRD "55"]
[GameID "383763"]

1. d4 e6 2. c4 d5 3. Nc3 Nf6 4. cxd5 exd5 5. Nf3 Bb4 6. e3 Ne4 7. Bd2 Bxc3 8. Bxc3 Nxc3 9. bxc3 O-O 10. Qc2 Nd7
11. Bd3 g6 12. O-O c5 13. c4 cxd4 14. exd4 dxc4 15. Bxc4 Nb6 16. Rad1 Bf5 17. Qb3 Nxc4 18. Qxc4 Rc8 19. Qb4 Qc7 20. h3 Rfe8
21. Qd2 Qd6 22. Qh6 f6 23. Nh4 Re7 24. Nxf5 gxf5 25. Rd3 Rg7 26. Rfd1 Rcc7 27. Qh5 Rg5 28. Qe8+ Qf8 29. Qxf8+ Kxf8 30. f4 Rg6
31. Kh2 Rc2 32. R1d2 Rxd2
0-1

[Event "Heatwave UK 2015"]
[Site "SchemingMind.com"]
[Date "2015.07.24"]
[Round "-"]
[White "mochiron"]
[Black "Scooter"]
[Result "0-1"]
[WhiteCountry "JPN"]
[BlackCountry "USA"]
[WhiteElo "1425"]
[WhiteRD "73"]
[BlackElo "1723"]
[BlackRD "47"]
[GameID "383793"]

1. b4 e5 2. Bb2 Bxb4 3. Bxe5 f6 4. Bb2 Nc6 5. e3 b6 6. Nc3 Bb7 7. Nf3 d6 8. Be2 Qd7 9. O-O Bxc3 10. Bxc3 O-O-O
11. Nd4 Nge7 12. Nxc6 Bxc6 13. Bf3 Bxf3 14. Qxf3 Qc6 15. a4 Qxf3 16. gxf3 Nd5 17. a5 Nxc3 18. dxc3 Kb7 19. axb6 axb6 20. e4 d5
21. exd5 Rxd5 22. f4 Rf5 23. Ra4 Ra8 24. Rxa8 Kxa8 25. c4 Rxf4 26. Re1 Rf5 27. Re7 Kb7 28. Rxg7 Rg5+ 29. Rxg5 fxg5 30. h3 Kc6
31. Kg2 Kc5 32. f3 Kxc4 33. Kg3 Kd4 34. h4 gxh4+ 35. Kxh4 Ke5 36. Kg4 b5 37. f4+ Kf6 38. c3 c5 39. Kf3 h5 40. Kg3 b4
41. cxb4 cxb4 42. Kf3 b3
0-1

[Event "Heatwave UK 2015"]
[Site "SchemingMind.com"]
[Date "2015.07.24"]
[Round "-"]
[White "Scooter"]
[Black "mochiron"]
[Result "1-0"]
[WhiteCountry "USA"]
[BlackCountry "JPN"]
[WhiteElo "1723"]
[WhiteRD "47"]
[BlackElo "1425"]
[BlackRD "73"]
[GameID "383794"]

1. d4 f5 2. Bf4 Nf6 3. Nf3 d6 4. e3 e6 5. Be2 Be7 6. O-O O-O 7. h3 Ne4 8. Nbd2 d5 9. c4 Nc6 10. c5 b6
11. cxb6 cxb6 12. a3 h6 13. Bb5 Bd7 14. Bxc6 Bxc6 15. Ne5 Nxd2 16. Nxc6 Qe8 17. Nxe7+ Qxe7 18. Qxd2 e5 19. Bxe5 a5 20. Rac1 Rac8
21. Rxc8 Rxc8 22. Rc1 Rxc1+ 23. Qxc1 g5 24. Qc8+ Kf7 25. Qh8 f4 26. Qg7+ Ke8 27. Qxe7+ Kxe7 28. Bc7 fxe3 29. fxe3 Kd7 30. Bxb6 a4
31. g4 Kc6 32. Bc5 Kb5 33. Kf2 Kc4 34. Kf3 Kb3 35. e4 dxe4+ 36. Kxe4 Kxb2 37. d5 Kc3 38. d6 Kc4 39. Bb4
1-0

[Event "Heatwave UK 2015"]
[Site "SchemingMind.com"]
[Date "2015.07.22"]
[Round "-"]
[White "Eric111"]
[Black "Scooter"]
[Result "1-0"]
[WhiteCountry "USA"]
[BlackCountry "USA"]
[WhiteElo "1594"]
[WhiteRD "57"]
[BlackElo "1713"]
[BlackRD "49"]
[GameID "383795"]

1. e4 c6 2. d4 d5 3. e5 Bf5 4. h4 h6 5. h5 e6 6. Bd3 Bxd3 7. Qxd3 Nd7 8. Ne2 c5 9. c3 cxd4 10. cxd4 Bb4+
11. Nbc3 Ne7 12. Bd2 O-O 13. O-O a6 14. a3 Bxc3 15. bxc3 Rc8 16. Qh3 Nb6 17. Ng3 Na4 18. Ne2 Qa5 19. Qg3 Nf5 20. Qd3 Rc4
21. Rab1 b5 22. g4 Ne7 23. g5 hxg5 24. Bxg5 Nf5 25. Rfc1 Rfc8 26. Rb3 Qc7 27. Qh3 Ne7 28. h6 gxh6 29. Qxh6 Nf5 30. Qh3 Nb6
31. Bf6 Ng7 32. Qh6
1-0

[Event "Heatwave UK 2015"]
[Site "SchemingMind.com"]
[Date "2015.07.22"]
[Round "-"]
[White "Scooter"]
[Black "Eric111"]
[Result "1-0"]
[WhiteCountry "USA"]
[BlackCountry "USA"]
[WhiteElo "1713"]
[WhiteRD "49"]
[BlackElo "1594"]
[BlackRD "57"]
[GameID "383796"]

1. d4 d5 2. Nf3 c6 3. Bf4 Nf6 4. e3 Qb6 5. b3 Bg4 6. Be2 e6 7. O-O Nbd7 8. Nbd2 Ne4 9. Nxe4 dxe4 10. Nd2 Bf5
11. c4 Nf6 12. h3 Qd8 13. Qb1 Bd6 14. Bxd6 Qxd6 15. Bd1 O-O 16. Bc2 c5 17. Nxe4 Nxe4 18. Bxe4 Bxe4 19. Qxe4 b6 20. dxc5 Qxc5
21. Rfd1 Qc7 22. Rd2 Rfd8 23. Rad1 h6 24. Rxd8+ Rxd8 25. Rxd8+ Qxd8 26. Qd4 Qxd4 27. exd4 Kf8 28. f4 f5 29. Kf2 Ke7 30. Kf3 Kf6
31. h4 g5 32. fxg5+ hxg5 33. hxg5+ Kxg5 34. c5 bxc5 35. dxc5 Kf6 36. c6 Ke7 37. b4 a6 38. Kf4 Kd6 39. a4 Kxc6 40. Ke5 Kd7
41. b5 axb5 42. axb5 Ke7 43. b6 Kd7 44. g3 f4 45. gxf4 Kc6 46. Kxe6 Kxb6 47. f5
1-0

[Event "Heatwave UK 2015"]
[Site "SchemingMind.com"]
[Date "2015.07.23"]
[Round "-"]
[White "Scooter"]
[Black "Simon Green"]
[Result "1/2-1/2"]
[WhiteCountry "USA"]
[BlackCountry "ENG"]
[WhiteElo "1712"]
[WhiteRD "45"]
[BlackElo "1559"]
[BlackRD "51"]
[GameID "383797"]

1. d4 e6 2. Nf3 d5 3. Bf4 Nf6 4. e3 c5 5. Bb5+ Nc6 6. c3 Bd7 7. O-O a6 8. Bxc6 Bxc6 9. Nbd2 c4 10. h3 Bd6
11. Bxd6 Qxd6 12. Qc2 O-O 13. Rfe1 b5 14. Ng5 h6 15. e4 dxe4 16. Ngxe4 Nxe4 17. Nxe4 Bxe4 18. Rxe4 f6 19. Rae1 Rae8 20. Qe2 g6
21. Rxe6 Rxe6 22. Qxe6+ Qxe6 23. Rxe6 a5 24. f4 Kf7 25. Re3 Re8 26. Rxe8 Kxe8 27. g4 Ke7 28. Kf2 Ke6 29. Kf3 Kd5 30. h4 f5
31. gxf5 gxf5 32. h5 b4 33. Ke3 bxc3 34. bxc3 a4 35. a3 Kc6=
1/2-1/2

[Event "Heatwave UK 2015"]
[Site "SchemingMind.com"]
[Date "2015.07.23"]
[Round "-"]
[White "Simon Green"]
[Black "Scooter"]
[Result "1-0"]
[WhiteCountry "ENG"]
[BlackCountry "USA"]
[WhiteElo "1559"]
[WhiteRD "51"]
[BlackElo "1712"]
[BlackRD "45"]
[GameID "383798"]

1. d4 Nf6 2. e3 g6 3. Bd3 Bg7 4. f4 O-O 5. Nf3 d6 6. O-O Bg4 7. Nbd2 Nbd7 8. Qe1 Re8 9. Qg3 Bxf3 10. Nxf3 Nh5
11. Qf2 Nhf6 12. b3 e5 13. fxe5 dxe5 14. dxe5 Nxe5 15. Nxe5 Rxe5 16. Bb2 Re8 17. Bxf6
1-0

[Event "Heatwave UK 2015"]
[Site "SchemingMind.com"]
[Date "2015.07.22"]
[Round "-"]
[White "Scooter"]
[Black "PinkPanther"]
[Result "0-1"]
[WhiteCountry "USA"]
[BlackCountry "CRO"]
[WhiteElo "1712"]
[WhiteRD "45"]
[BlackElo "1934"]
[BlackRD "166"]
[GameID "383799"]

1. d4 Nf6 2. Nf3 e6 3. Bg5 h6 4. Bxf6 Qxf6 5. e3 d6 6. Be2 g6 7. O-O Bg7 8. Nbd2 O-O 9. c4 c5 10. b3 Nc6
11. Ne4 Qe7 12. Rc1 Rd8 13. d5 exd5 14. Qxd5 Be6 15. Qd1 d5 16. cxd5 Bxd5 17. Ned2 Be4 18. Qe1 Bf5 19. Nc4 b5 20. Ncd2 Bb2
21. Bxb5 Bxc1 22. Bxc6 Bxd2 23. Nxd2 Bd3 24. Bxa8 Rxa8 25. Qc1 Bxf1 26. Kxf1 Rd8 27. Ke2 Qd6 28. g3 Qa6+
0-1

[Event "Heatwave UK 2015"]
[Site "SchemingMind.com"]
[Date "2015.07.22"]
[Round "-"]
[White "PinkPanther"]
[Black "Scooter"]
[Result "0-1"]
[WhiteCountry "CRO"]
[BlackCountry "USA"]
[WhiteElo "1537"]
[WhiteRD "100"]
[BlackElo "1723"]
[BlackRD "47"]
[GameID "383800"]

1. d4 Nf6 2. c4 g6 3. Nc3 Bg7 4. e4 d6 5. h3 O-O 6. Nf3 b6 7. Be3 Bb7 8. Bd3 Nbd7 9. Qd2 c5 10. d5 Ne5
11. Nxe5 dxe5 12. Bh6 Qc7 13. Bxg7 Kxg7 14. O-O-O Rad8 15. Nb5 Qb8 16. Qc2 a6 17. Nc3 Ne8 18. g4 Nd6 19. Kb1 Bc8 20. Qe2 e6
21. Rhg1 Bd7 22. a4 exd5 23. exd5 Rfe8
0-1

[Event "Heatwave UK 2015"]
[Site "SchemingMind.com"]
[Date "2015.07.26"]
[Round "-"]
[White "Scooter"]
[Black "khan mh"]
[Result "1-0"]
[WhiteCountry "USA"]
[BlackCountry "PAK"]
[WhiteElo "1710"]
[WhiteRD "48"]
[BlackElo "1361"]
[BlackRD "115"]
[GameID "383801"]

1. d4 d5 2. Nf3 Nf6 3. Bf4 e6 4. e3 Be7 5. Be2 O-O 6. O-O c5 7. c3 Nc6 8. Nbd2 Nh5 9. dxc5 Nxf4 10. exf4 Bxc5
11. Nb3
1-0

[Event "Heatwave UK 2015"]
[Site "SchemingMind.com"]
[Date "2015.07.24"]
[Round "-"]
[White "khan mh"]
[Black "Scooter"]
[Result "0-1"]
[WhiteCountry "PAK"]
[BlackCountry "USA"]
[WhiteElo "1361"]
[WhiteRD "115"]
[BlackElo "1710"]
[BlackRD "48"]
[GameID "383802"]

1. d4 Nf6 2. c4 g6 3. Nc3 Bg7 4. Nf3 O-O 5. Bg5 d6 6. e4 Bg4 7. Be2 Nbd7 8. O-O Bxf3 9. Bxf3 e5 10. Bg4 Qe8
11. Bxd7 Qxd7 12. dxe5 dxe5 13. Bxf6 Qxd1 14. Raxd1 Bxf6
0-1